| 000 | 00545nam a2200229Ia 4500 | ||
|---|---|---|---|
| 003 | IT-RoPAU | ||
| 008 | 120407s9999 xx 000 0 und d | ||
| 040 | _aIT-RoPAU | ||
| 040 | _cIT-RoPAU | ||
| 041 | _aita | ||
| 100 | _aAlfons Auer | ||
| 245 | _a"Etica dell’ambiente. Un contributo teologico al dibattito ecologico." | ||
| 250 | _aBrescia | ||
| 260 | _aQueriniana | ||
| 260 | _c1988 | ||
| 300 | _a324 p. | ||
| 300 | _c23 cm | ||
| 490 | _aBiblioteca di teologia contemporanea, 56 | ||
| 490 | _v1 | ||
| 942 | _cBK | ||
| 999 |
_c32586 _d32586 |
||